000 00793nam a22002897a 4500
001 0004366
003 KOHA_MİRAKIL
005 20260207001410.0
007 ta
008 090506b1999 us |||gr||||#||||0|eng |
020 _a0201396076
040 _aTR-BiSEU
_btur
_cTR-BiSEU
_erda
041 0 _aeng
044 _cus
050 _aQA303
_b.A33 1999
100 1 _aAdams, Robert A..
245 1 2 _aA complete course calculus/
_cRobert A. Adams ; Robert A. Adams.
264 1 _aDon Mills, Ont. :
_bAddison-Wesley
_c1999
300 _aXVI, 1027, A-92 sayfa: resimli
336 _ametin
_btxt
_2rdacontent
337 _aaracısız
_bn
_2rdamedia
338 _acilt
_bnc
_2rdacarrier
500 _aDizin var.
650 0 _aHesap.
_92068
650 0 _aCalculus.
_92712
942 _2lcc
_cBK
999 _c4348
_d4348